Normal view
MARC view
Entry Topical Term
001 - CONTROL NUMBER
- control field: 17371
003 - CONTROL NUMBER IDENTIFIER
- control field: VITAP
005 - DATE AND TIME OF LATEST TRANSACTION
- control field: 20260325144654.0
008 - FIXED-LENGTH DATA ELEMENTS
- fixed length control field: 260325|| aca||babn | a|a d
040 ## - CATALOGING SOURCE
- Original cataloging agency: VITAP
150 ## - HEADING--TOPICAL TERM
- Topical term or geographic name entry element: Data analytics; Data science; Big data; Data mining; Statistical analysis; Predictive analytics; Data visualization; Business intelligence; Decision making - Data processing; Python (Computer program language)